000 02716nam0a2200421 4500
001 RU\NLR\BIBL_A\012242676
005 20200820144844.0
010 _9100
_a978-5-7508-1701-6
021 _aRU
_bКН-П-20-004660
_9КН-П-20-0351
029 1 0 _aRU
_b2.6.1.0145-19
_cМР
035 _a(NLR Aleph) 012242676
035 _a(RuMoRGB)010262408
090 _a11039241
_c11039241
100 _a20200311d2019 k y0rusy50 ca
101 0 _arus
102 _aRU
105 _ay l 000|y
181 0 _ai
_baxxe
182 0 _an
200 9 _aРасчет показателей радиационного риска по данным, содержащимся в радиационно-гигиенических паспортах территорий, для обеспечения комплексной сравнительной оценки состояния радиационной безопасности населения субъектов Российской Федерации
_eМР 2.6.1.0145-19
_fразработаны ФБУН НИИРГ им. П.В. Рамзаева
203 _aТекст
_bвизуальный
_cнепосредственный
205 _aИзд. офиц.
210 _aМосква
_cРоспотребнадзор
_d2019
215 _a13, [1] с.
_d21
225 1 _a2.6.1. Гигиена. Радиационная гигиена. Ионизирующее излучение. Радиационная безопасность
225 1 _aГосударственное санитарно-эпидемиологическое нормирование Российской Федерации
_fФедеральная служба по надзору в сфере защиты прав потребителей и благополучия человека
239 _aВвед. 23.04.2019
517 1 _aМР 2.6.1.0145-19
606 _aЗдравоохранение. Медицинские науки -- Радиационная гигиена -- Защита населенных мест от радиации -- Российская Федерация
_2rubbk
686 _aР126.5(2)я81
_v2000
_2rubbk
712 0 1 _aРоссийская Федерация
_bФедеральная служба по надзору в сфере защиты прав потребителей и благополучия человека
_3RU\NLR\AUTH\8810073282
_4725
712 0 2 _aСанкт-Петербургский НИИ радиационной гигиены им. П. В. Рамзаева
_3RU\NLR\AUTH\8810131242
_4900
942 _cBOOK
980 _aNBR
980 _aNB